000 00656nam a22002417a 4500
008 131029b xxu||||| |||| 00| 0 eng d
024 _cAvailable
037 _cAvailable
040 _aMBSTU LIBRARY
_dMBSTU LIBRARY
082 _222
_a912 PHG
100 _aPhilip's.
245 _aGreat world atlas.
250 _a7th
260 _aLondon
_bOxford University Press.
_c2000
300 _a28 cm.
_b224 page
_f1
_g28 cm.
600 _2Atlases.
650 _2Atlases.
700 _aPhilip's.
270 _aLondon
_bLondon
_dUK
365 _b1800.00
_d1800.00
942 _2ddc
_cBK
999 _c762
_d762